Brevet et santé publique dans les pays du Sud : l'accès aux médicaments antisida (notice n° 2047094)

détails MARC
000 -LEADER
fixed length control field 00880cam a2200157 4500500
005 - DATE AND TIME OF LATEST TRANSACTION
control field 20260405001403.0
041 ## - LANGUAGE CODE
Language code of text/sound track or separate title fre
042 ## - AUTHENTICATION CODE
Authentication code dc
100 10 - MAIN ENTRY--PERSONAL NAME
Personal name Guennif, Samira
Relator term author
245 00 - TITLE STATEMENT
Title Brevet et santé publique dans les pays du Sud : l'accès aux médicaments antisida
260 ## - PUBLICATION, DISTRIBUTION, ETC.
Date of publication, distribution, etc. 2012.<br/>
500 ## - GENERAL NOTE
General note 53
520 ## - SUMMARY, ETC.
Summary, etc. RésuméLa montée en puissance du brevet dans les pays du Sud intervient dans un contexte sanitaire critique : on prédit des innovations thérapeutiques et des transferts technologiques importants ; mais la hausse des prix et l’inaccessibilité de médicaments essentiels, comme les médicaments antisida, pourraient finalement porter atteinte au bien-être des populations.
786 0# - DATA SOURCE ENTRY
Note Études | 417 | 7 | 2012-07-01 | p. 41-51 | 0014-1941
856 41 - ELECTRONIC LOCATION AND ACCESS
Uniform Resource Identifier <a href="https://shs.cairn.info/revue-etudes-2012-7-page-41?lang=fr&redirect-ssocas=7080">https://shs.cairn.info/revue-etudes-2012-7-page-41?lang=fr&redirect-ssocas=7080</a>

Pas d'exemplaire disponible.

PLUDOC

PLUDOC est la plateforme unique et centralisée de gestion des bibliothèques physiques et numériques de Guinée administré par le CEDUST. Elle est la plus grande base de données de ressources documentaires pour les Étudiants, Enseignants chercheurs et Chercheurs de Guinée.

Adresse

627 919 101/664 919 101

25 boulevard du commerce
Kaloum, Conakry, Guinée

Réseaux sociaux

Powered by Netsen Group @ 2025